ბათუმის შოთა რუსთაველის სახელმწიფო უნივერსიტეტის ბიბლიოთეკა

საშენი მასალები ნაწ.2 (ორგანული საშენი მასალები და ნაკეთობანი) : (ბიბ.ჩანაწერი № 39542)

000 -ლიდერი
ფიქსირებული სიგრძის საკონტროლო ველი 01178nam a2200241Ia 4500
001 - საკონტროლო ნომერი
საკონტროლო ველი 6140
003 - საკონტროლო ნომრის იდენტიფიკატორი
საკონტროლო ველი GE_BSU
005 - ბოლო ოპერაციის თარიღი და დრო
საკონტროლო ველი 20190506163906.0
008 - ფიქსირებული სიგრძის მონაცემთა ელემენტები - ზოგადი ინფორმაცია
ფიქსირებული სიგრძის საკონტროლო ველი 181216s1981||||ge |||||||||||||| ||geo||
040 ## - კატალოგიზაციის წყარო
Transcribing agency GE_BSU
041 ## - ენის კოდი
Language code of text/sound track or separate title geo
080 ## - უნივერსალური ათობითი კლასიფიკაციის ინდექსი
Universal Decimal Classification number 691(075.2) ბ-83
100 ## - მთავარი ჩანაწერი - პიროვნების სახელი
Personal name ბოლქვაძე, ლ.
9 (RLIN) 805
245 ## - ცნობა სათაურის შესახებ
Title საშენი მასალები ნაწ.2 (ორგანული საშენი მასალები და ნაკეთობანი) :
Remainder of title სახელმძღვ. /
Statement of responsibility, etc ლ. ბოლქვაძე, ი.ანდრიაძე ; რედ. ო.კაციტაძე.
264 ## - წარმოების, გამოცემის, დისტრიბუციის და სხვა ცნობები
გამოცემის, წარმოების, დისტრიბუციის... ადგილი თბილისი :
გამოცემის, წარმოების, დისტრიბუციის... სახელწოდება უნ-ის გამ-ბა,
გამოცემის, წარმოების, დისტრიბუციის... თარიღი 1981.
300 ## - ფიზიკური აღწერა
Extent 182 გვ. :
Other physical details ილ. ;
Dimensions 22 სმ.
504 ## - BIBLIOGRAPHY, ETC. NOTE
Bibliography, etc ბიბლიოგრ. : გვ.185.
653 ## - INDEX TERM--UNCONTROLLED
Uncontrolled term ორგანული საშენი მასალები და ნაკეთობანი
653 ## - INDEX TERM--UNCONTROLLED
Uncontrolled term საშენი მასალები
700 ## - ADDED ENTRY--PERSONAL NAME
Personal name ანდრიაძე, ი.
Relator term ავტორი
9 (RLIN) 813
700 ## - ADDED ENTRY--PERSONAL NAME
Personal name კაციტაძე, ო.
Relator term რედაქტორი
9 (RLIN) 806
942 ## - ADDED ENTRY ELEMENTS (KOHA)
Koha item type წიგნი
Source of classification or shelving scheme
ეგზემპლარები
ჩამოწერის სტატუსი დაკარგული ეგზემპლარის სტატუსი კლასიფიკაციის წყარო ან თაროზე გაწყობის სქემა დაზიანების სტატუსი არ გაიცემა მუდმივი მდებარეობა (დაცვის ადგილი) ამჟამინდელი ადგილსამყოფელი თაროზე განთავსების ადგილი შეძენის თარიღი ღირებულება, შესყიდვის ნორმალური ფასი სრული შენახვის შიფრი შტრიხკოდი ბოლო ოპერაციის თარიღი ეგზემპლარის მიმდევრობითი ნომერი (კეტერი?) ფასის ძალაში შესვლის თარიღი ეგზემპლარის სახეობა საჯარო შენიშვნა
          ტექნოლოგიური ფაკულტეტის ბიბლიოთეკა ტექნოლოგიური ფაკულტეტის ბიბლიოთეკა წიგნის კალათა 2018-12-17 1.50 691(075.2) ბ-83 11755 2018-12-17 11755 2018-12-17 წიგნი 1.50 ლ.
          ტექნოლოგიური ფაკულტეტის ბიბლიოთეკა ტექნოლოგიური ფაკულტეტის ბიბლიოთეკა წიგნსაცავი 2018-12-17 1.50 691(075.2) ბ-83 11756 2018-12-17 11756 2018-12-17 წიგნი 1.50 ლ.
          ტექნოლოგიური ფაკულტეტის ბიბლიოთეკა ტექნოლოგიური ფაკულტეტის ბიბლიოთეკა წიგნის კალათა 2018-12-17   691(075.2) ბ-83 11757 2018-12-17 11757 2018-12-17 წიგნი 1.50 ლ.
          ტექნოლოგიური ფაკულტეტის ბიბლიოთეკა ტექნოლოგიური ფაკულტეტის ბიბლიოთეკა წიგნსაცავი 2018-12-17 1.50 691(075.2) 11758 2018-12-17 11758 2018-12-17 წიგნი 1.50 ლ.
          ტექნოლოგიური ფაკულტეტის ბიბლიოთეკა ტექნოლოგიური ფაკულტეტის ბიბლიოთეკა წიგნსაცავი 2018-12-17 1.50 691(075.2) ბ-83 11759 2018-12-17 11759 2018-12-17 წიგნი 1.50 ლ.
          ტექნოლოგიური ფაკულტეტის ბიბლიოთეკა ტექნოლოგიური ფაკულტეტის ბიბლიოთეკა წიგნსაცავი 2018-12-17 1.50 691(075.2) ბ-83 11760 2018-12-17 11760 2018-12-17 წიგნი 1.50 ლ.
          ტექნოლოგიური ფაკულტეტის ბიბლიოთეკა ტექნოლოგიური ფაკულტეტის ბიბლიოთეკა წიგნსაცავი 2018-12-17 1.50 691(075.2) ბ-83 11761 2018-12-17 11761 2018-12-17 წიგნი 1.50 ლ.
          ტექნოლოგიური ფაკულტეტის ბიბლიოთეკა ტექნოლოგიური ფაკულტეტის ბიბლიოთეკა წიგნსაცავი 2018-12-17 1.50 691(075.2) ბ-83 11762 2018-12-17 11762 2018-12-17 წიგნი 1.50 ლ.